| 000 | 00732cam a22002651 4500 | ||
|---|---|---|---|
| 999 |
_c532172 _d532172 |
||
| 001 | 6535591 | ||
| 003 | NUST | ||
| 005 | 20191111161340.0 | ||
| 008 | 761208s1956 onc 001 0 eng | ||
| 010 | _a 57042895 | ||
| 035 | _a(OCoLC)2607093 | ||
| 038 | _aMSOHAIL | ||
| 040 |
_aDLC _cMiEM _dOCoLC _dDLC |
||
| 050 | 0 | 0 |
_aD445 _b.C28 1956 |
| 082 | 0 | 0 | _a909 |
| 100 | 1 |
_aCarr, William Guy, _d1895-1959. _925506 |
|
| 245 | 1 | 0 | _aPawns in the game. |
| 250 | _a2d ed. | ||
| 260 |
_a[Willowdale, Ont., _bNational Federation of Christian Laymen] _c1956. |
||
| 300 |
_a198 p. _c22 cm. |
||
| 650 | 0 |
_aWorld politics. _925507 |
|
| 650 | 0 |
_aIlluminati. _925508 |
|
| 906 |
_a7 _bcbc _coclcrpl _du _encip _f19 _gy-gencatlg |
||
| 942 |
_2ddc _cBK |
||